Disaster Preparedness (Record no. 476363)

000 -LEADER
fixed length control field 00715cam a22001937a 4500
008 - FIXED-LENGTH DATA ELEMENTS--GENERAL INFORMATION
fixed length control field 180718b1992 xxu||||| |||| 00| 0 eng d
082 ## - DEWEY DECIMAL CLASSIFICATION NUMBER
Classification number N6000 In2d/Sh23
100 ## - MAIN ENTRY--PERSONAL NAME
Personal name India Disaster Management Training Country Workshop, 1993 12-16 July : IIPA :New Delhi
245 ## - TITLE STATEMENT
Title Disaster Preparedness
260 ## - PUBLICATION, DISTRIBUTION, ETC.
Place of publication, distribution, etc. New Delhi
Name of publisher, distributor, etc. Indian Institute Of Public Administration
Date of publication, distribution, etc. 1992
300 ## - PHYSICAL DESCRIPTION
Extent 57p.
650 ## - SUBJECT ADDED ENTRY--TOPICAL TERM
Topical term or geographic name entry element Disasters Preparedness
650 ## - SUBJECT ADDED ENTRY--TOPICAL TERM
Topical term or geographic name entry element Disasters
700 ## - ADDED ENTRY--PERSONAL NAME
Personal name Sharma, Vinod K.
700 ## - ADDED ENTRY--PERSONAL NAME
Personal name Indian Institute Of Public Administration
700 ## - ADDED ENTRY--PERSONAL NAME
Personal name Asian Disaster Preparedness Centre, Bangkok
700 ## - ADDED ENTRY--PERSONAL NAME
Personal name Department of Agriculture and Cooperation, Ministry of Agriculture, India
700 ## - ADDED ENTRY--PERSONAL NAME
Personal name Kent, Randolph
Holdings
Withdrawn status Lost status Damaged status Not for loan Permanent Location Current Location Date acquired Full call number Barcode Date last seen Price effective from Koha item type
        Indian Institute of Public Administration Indian Institute of Public Administration 2018-08-04 N6000 In2d/Sh23 GR12894 2018-08-04 2018-08-04 GR
        Indian Institute of Public Administration Indian Institute of Public Administration 2018-08-04 N6000 In2d/Sh23 GR12847 2018-08-04 2018-08-04 GR

Powered by Koha